00573nam a2200157 i 450000100060000000300090000600500170001500700030003200800410003510000290007624501770010526000450028230000210032770000330034885200340038173921ES-MaACL20230906171947.0t|040913s1944 mx ||||1| spa d1 aGonzaga Menger, María.10aFray José de Sigüenza b: poeta e historiador, 1544-1606 : ensayo crítico / cMaría Gonzaga Menger ; versión española y prólogo de Gabriel Méndez Plancarte. aMéxico : bAbside, c1944 (fImp. Sag) a47 p. ; c23 cm.1 aMéndez Plancarte, Gabriel. aES-MaACLj1883-F-12 bR.25818